| 000 | 00448 a2200157 4500 | ||
|---|---|---|---|
| 003 | NUST | ||
| 005 | 20230224124315.0 | ||
| 040 | _cNust | ||
| 082 | _a363.7,FAR | ||
| 100 |
_aFarrukh, Sheen _9109572 |
||
| 245 |
_aMaholiyat Qanoon Aur Hum / ماحولیات قانون اور ہم (Urdu) / _cSheen Farrukh |
||
| 260 |
_aLahore _bMashal Pakistan _c1996 |
||
| 300 | _a224;p. | ||
| 650 |
_a The Environment (Urdu) _9109573 |
||
| 942 |
_2ddc _cBK _k363.7,FAR |
||
| 999 |
_c187997 _d187997 |
||